One Piece Devil Fruit Eaters - Statistics

General Stats
  • This quiz has been taken 248 times
  • The average score is 85 of 161
Answer Stats
Paramecia Answer Hint % Correct
Bara Bara no Mi Buggy Chop
96%
Hana Hana no Mi Nico Robin Flower
93%
Gura Gura no Mi Whitebeard/Blackbeard Tremor
91%
Hito Hito no Mi, Model: Nika Luffy/Joyboy Nika
90%
Mera Mera no Mi Ace/Sabo Flame
89%
Hito Hito no Mi Chopper Human
89%
Doru Doru no Mi Mr 3 Wax
89%
Bomu Bomu no Mi Mr 5 Bomb
89%
Yami Yami no Mi Blackbeard Darkness
88%
Suna Suna no Mi Crocodile Sand
88%
Moku Moku no Mi Smoker Smoke
88%
Magu Magu no Mi Akainu Magma
86%
Ito Ito no Mi Doflamingo String
86%
Pika Pika no Mi Kizaru Light
86%
Hie Hie no Mi Kuzan Ice
86%
Ope Ope no Mi Law Operation
85%
Sube Sube no Mi Alvida Smooth
84%
Mero Mero no Mi Boa Hancock Love
84%
Yomi Yomi no Mi Brook Revive
84%
Nikyu Nikyu no Mi Kuma Paw
84%
Mane Mane no Mi Mr 2 Clone
83%
Hito Hito no Mi, Model: Daibutsu Sengoku Buddha
83%
Ushi Ushi no Mi, Model: Giraffe Kaku Giraffe
82%
Tori Tori no Mi, Model: Phoenix Marco Phoenix
82%
Kage Kage no Mi Moria Shadow
82%
Goro Goro no Mi Enel Lightning
81%
Supa Supa no Mi Mr 1 Dice
81%
Baku Baku no Mi Wapol Munch
80%
Noro Noro no Mi Foxy Slow
79%
Jiki Jiki no Mi Kid Magnet
79%
Bane Bane no Mi Bellamy Spring
78%
Toshi Toshi no Mi Bonney Age
78%
Gasu Gasu no Mi Caesar Gas
78%
Uo Uo no Mi, Model: Seiryu Kaido Azure Dragon
78%
Doku Doku no Mi Magellan Venom
78%
Soru Soru no Mi Big Mom/Carmel Soul
77%
Neko Neko no Mi, Model:Leopard Rob Lucci Leopard
77%
Horu Horu no Mi Ivankov Hormone
76%
Mochi Mochi no Mi Katakuri Mochi
76%
Doa Doa no Mi Blueno Door
75%
Shiro Shiro no Mi Bege Castle
74%
Ryu Ryu no Mi, Model: Brachiosaurus Queen Brachiosaurus
72%
Zushi Zushi no Mi Fujitora Gravity
71%
Wara Wara no Mi Hawkins Straw
71%
Awa Awa no Mi Kalifa Bubble
71%
Horo Horo no Mi Perona Hollow
71%
Hobi Hobi no Mi Sugar Toy
71%
Suke Suke no Mi Absalom/Shiryu Invisible
70%
Bari Bari no Mi Bartolomeo/Kurozumi Semimaru Barrier
70%
Ryu Ryu no Mi, Model: Pteranodon King Pteranodon
70%
Bisu Bisu no Mi Cracker Biscuit
69%
Yuki Yuki no Mi Monet Snow
69%
Kiro Kiro no Mi Miss Valentine Kilo
67%
Nomi Nomi no Mi Vegapunk Brain
67%
Zou Zou no Mi, Model: Mammoth Jack Mammoth
66%
Oto Oto no Mi Apoo Tone
64%
Tori Tori no Mi, Model: Falcon Pell Falcon
64%
Numa Numa no Mi Caribou Mud
63%
Mori Mori no Mi Greenbull Forest
63%
Shibo Shibo no Mi Smoothie Wring
63%
Ori Ori no Mi Hina Cage
62%
Pero Pero no Mi Perospero Candy
62%
Ushi Ushi no Mi, Model: Bison Dalton Bison
61%
Toge Toge no Mi Miss Doublefinger Spike
61%
Netsu Netsu no Mi Oven Heat
61%
Memo Memo no Mi Pudding Memories
61%
Beta Beta no Mi Trebol Mucus
61%
Ryu Ryu no Mi, Model: Pachycephalosaurus Ulti Pachycephalosaurus
61%
Ryu Ryu no Mi, Model: Allosaurus X Drake Allosaurus
61%
Ishi Ishi no Mi Pica Stone
60%
Sui Sui no Mi Senor Pink Swim
59%
Uta Uta no Mi Uta Sing
59%
Mira Mira no Mi Brulee Mirror
58%
Hira Hira no Mi Diamante Ripple
58%
Fuku Fuku no Mi Kin'emon Clothes
58%
Ryu Ryu no Mi, Model: Spinosaurus Page One Spinosaurus
58%
Deka Deka no Mi Sanjuan Wolf Huge
58%
Buki Buki no Mi Baby 5 Arms
57%
Kumo Kumo no Mi, Model: Rosamygale Grauvogeli Black Maria Spider
57%
Riki Riki no Mi Burgess Strong
57%
Shiku Shiku no Mi Doc Q Sick
57%
Inu Inu no Mi, Model: Wolf Jabra Wolf
56%
Kibi Kibi no Mi Tama Dango
56%
Nagi Nagi no Mi Corazon Calm
54%
Nui Nui no Mi Leo Stitch
54%
Wapu Wapu no Mi Van Augur Warp
54%
Inu Inu no Mi, Model: Okuchi no Makami Yamato Wolf Deity
54%
Choki Choki no Mi Inazuma Snip
53%
Inu Inu no Mi, Model: Kyubi no Kitsune Catarina Devon Nine-Tailed Fox
52%
Kira Kira no Mi Jozu Twinkle
51%
Woshu Woshu no Mi Tsuru Wash
51%
Neko Neko no Mi, Model: Saber Tiger Who's Who Saber-Toothed Toger
51%
Hebi Hebi no Mi, Model: Yamata no Orochi Orochi Eight-Headed Snake
49%
Toki Toki no Mi Toki Time
49%
Gabu Gabu no Mi Vasco Shot Alcohol
49%
Giro Giro no Mi Viola Glare
49%
Mogu Mogu no Mi Miss Merry Christmas Mole
48%
Guru Guru no Mi Buffalo Spin
47%
Fude Fude no Mi Kanjuro Brush
47%
Hoya Hoya no Mi Daifuku Genie
46%
Buku Buku no Mi Mont D'or Book
46%
Tori Tori no Mi, Model: Albatross Morgans Albatross
46%
Kame Kame no Mi Pekoms Turtle
46%
Ryu Ryu no Mi, Model: Triceratops Sasaki Triceratops
45%
Fuwa Fuwa no Mi Shiki Float
45%
Susu Susu no Mi Karasu Soot
44%
Chiyu Chiyu no Mi Mansherry Heal
44%
Ton Ton no Mi Machvise Ton
43%
Shima Shima no Mi Pizarro Island
43%
Uma Uma no Mi, Model: Pegasus Stronger Pegasus
43%
Tama Tama no Mi Tamago Egg
43%
Mato Mato no Mi Vander Decken Mark
43%
Pamu Pamu no Mi Gladius Pop
42%
Maki Maki no Mi Raizo Scroll
42%
Hebi Hebi no Mi, Model: King Cobra Boa Marigold King Cobra
41%
Hebi Hebi no Mi, Model: Anaconda Boa Sandersonia Anaconda
41%
Ato Ato no Mi Giolla Art
41%
Inu Inu no Mi, Model: Jackal Chaka Jackal
39%
Kuri Kuri no Mi Opera Cream
39%
Zou Zou no Mi Funkfreed Elephant
37%
Sabi Sabi no Mi Shu Rust
36%
Sara Sara no Mi, Model: Axolotl Smiley Axolotl
36%
Oshi Oshi no Mi Morley Push
35%
Uma Uma no Mi Pierre Horse
35%
Kobu Kobu no Mi Belo Betty Pump
34%
Inu Inu no Mi, Model: Dachshund Lassoo Dog Gun
33%
Juku Juku no Mi Shinobu Ripe
33%
Kuku Kuku no Mi Streusen Cook
32%
Batto Batto no Mi Stussy Bat
32%
Beri Beri no Mi Very Good Berry
29%
Aro Aro no Mi Gunko Arrow
28%
Jake Jake no Mi Kelly Funk Jacket
28%
Poke Poke no Mi Blamenco Pocket
25%
Gasha Gasha no Mi Douglas Bullet Clank
24%
Bata Bata no Mi Galette Butter
24%
Iba Iba no Mi Shepherd Sommers Thorn
23%
Ryu Ryu no Mi, Model: Kirin Rimoshifu Killingham Kirin
22%
Mushi Mushi no Mi, Model: Kabutomushi Kabu Rhinoceros Beetle
21%
Muchi Muchi no Mi Kujaku Whip
21%
Goru Goru no Mi Gild Tesoro Gold
19%
Nori Nori no Mi Bluegrass Ride
18%
Gocha Gocha no Mi Newshi Pile
18%
Hito Hito no Mi, Model: Onyudo Onimaru Monk
18%
Shari Shari no Mi Sharinguru Wheel
18%
Mushi Mushi no Mi, Model: Suzumebachi Bian Hornet
14%
Raki Raki no Mi Baccarat Luck
11%
Inu Inu no Mi, Model: Tanuki Bunbuku Teapot
9%
Ame Ame no Mi Gasparde Candy Syrup
9%
Toro Toro no Mi Honey Queen Liquid
9%
Inu Inu no Mi, Model: Hound Hound Hunting Dog
9%
Tsutsu Tsutsu no Mi Urban Cannon
9%
Modo Modo no Mi Ain Return
8%
Bijo Bijo no Mi Ann Vision
8%
Iku Iku no Mi Biblo Grow
8%
Mosa Mosa no Mi Binz Grow
7%
Nuke Nuke no Mi Tanaka Phase
7%
Kachi Kachi no Mi Bear King Hard
6%
Goe Goe no Mi Eldoraggo Scream
6%
Noko Noko no Mi Musshuru Shroom
6%
Rako Rako no Mi Pomsky Otter
6%
Tori Tori no Mi, Model: Eagle Buzz Eagle
4%
No matching quizzes found
Score Distribution
Percent of People with Each Score
Percentile by Number Answered
Your Score History
You have not taken this quiz